000 00840nam a2200289Ia 4500
003 OSt
005 20221006144711.0
006 a|||||r|||| 00| 0
007 ta
008 221006b |||||||| |||| 00| 0 eng d
020 _c£6.95 (each)
024 _a12,412
037 _cTextual
040 _aEASL
_cEASL
_beng
041 _2eng
_aeng
082 _aV41.N7, L6;2
100 _aDOMES Jurgen
245 0 _aChina after the cultural revolution
_b Politics between two party congress
260 _aLondon
_bC. Hurst
_c1976
300 _a248p.
_ccm.
500 _aTranslated from the German
650 _aCEL
700 _a Berg Annette Tr.
_9652636
700 _a Goodman David Tr.
_9652637
942 _hV41.N7, L6;2
_cTEXL
_2CC
999 _c1080498
_d1080498